Porovnanie niektorých foriem hodnotenia vedomostí študentov
Využívanie výpočtovej techniky pri hodnotení študentov. Skúsenosti s testovaním vedomostí v predmetoch matematického zamerania. Dialógové overovanie vedomosti, výhody a nevýhody. Porovnanie výsledkov z dvoch odlišných hodnotení študentov. Otázky objektívneho hodnotenia veľkého množstva študentov. Mo...
Enregistré dans:
| Auteur principal: | |
|---|---|
| Autres auteurs: | , |
| Format: | Chapitre de livre |
| Langue: | slovaque |
| Sujets: | |
| Tags: |
Pas de tags, Soyez le premier à ajouter un tag!
|
MARC
| LEADER | 00000naa$a2200000$$$4500 | ||
|---|---|---|---|
| 001 | 0053657 | ||
| 005 | 20240711093022.8 | ||
| 041 | 0 | |a slo | |
| 044 | |a SK | ||
| 245 | 1 | 0 | |a Porovnanie niektorých foriem hodnotenia vedomostí študentov |c Galina Horáková, Vladimír Mucha, Anna Starečková |
| 520 | |a Využívanie výpočtovej techniky pri hodnotení študentov. Skúsenosti s testovaním vedomostí v predmetoch matematického zamerania. Dialógové overovanie vedomosti, výhody a nevýhody. Porovnanie výsledkov z dvoch odlišných hodnotení študentov. Otázky objektívneho hodnotenia veľkého množstva študentov. Motivácia študentov. | ||
| 610 | 2 | 0 | |a študenti |
| 610 | 2 | 0 | |a vedomosti |
| 610 | 2 | 0 | |a testy |
| 610 | 2 | 0 | |a technika výpočtová |
| 610 | 2 | 0 | |a motivácia |
| 100 | 1 | |a Horáková, Galina | |
| 700 | 1 | |a Mucha, Vladimír, 1976- | |
| 700 | 1 | |a Starečková, Anna | |